| 000 | 01064nam a22002537a 4500 | ||
|---|---|---|---|
| 005 | 20170124102951.0 | ||
| 010 | _aA-811199 | ||
| 020 |
_c120.00 _a8185478376 |
||
| 035 | _aA-811199 | ||
| 037 | _bCen Lib/Ret | ||
| 040 |
_aDPL _bHN |
||
| 082 |
_a821.08 _bशर्माबी |
||
| 100 |
_aशर्मा, बीना _92125 |
||
| 245 |
_aनिराला और समकालीन हिंदी कविता / _cबीना शर्मा |
||
| 246 |
_aNirala aur samkaleen Hindi kavita / _bby Beena Sharma |
||
| 260 |
_aदिल्ली _bज्ञान भारती _c1996 |
||
| 270 |
_a4/14, रूपनगर _bदिल्ली _e110007 |
||
| 300 |
_ax,165पृ. _c21सेमी(सजिल्द) |
||
| 650 |
_aहिंदी साहित्य _951645 |
||
| 650 |
_aहिंदी साहित्य -- हिंदी कविता _951646 |
||
| 650 |
_aHindi literature _951647 |
||
| 650 |
_aHindi literature -- Hindi poetry _951648 |
||
| 942 |
_2ddc _cHN _h821.08 _mशर्माबी |
||
| 999 |
_c113304 _d113304 |
||